000 00763cab a2200241 4500
001 WB3135-31
008 090401t1995 xxu||||| |||| 00| 0 eng d
035 _a(Sirsi) u70439
041 _aeng
245 _aMarriage value could lift rents
260 _c1995
350 _a0
490 _aFarmers' Weekly
_v123(11) 15 September 1995, 22(1)
520 _aIt is feared that agricultural rents may rise after the recent "Childers v Anker" case ruled that rent reviews must take into account marriage values.
650 _aAGRICULTURAL RENTS
650 _aCHILDERS V ANKER
650 _aMARRIAGE VALUE
650 _aRENT REVIEWS
650 _aRENTAL PRICES
690 _aLANDLORD AND TENANT-AGRICULTURAL TENANCIES
942 _n0
948 _c04/03/1997
999 _c44300
_d44300